Implementácia vnoreného riadiaceho systému
Uložené v:
| Hlavný autor: | |
|---|---|
| Ďalší autori: | |
| Médium: | Rukopis Kniha |
| Jazyk: | Slovak |
| Vydavateľské údaje: |
Bratislava :
STU v Bratislave FEI,
2023
|
| Predmet: | |
| On-line prístup: | https://opac.crzp.sk/?fn=detailBiblioFormChildIDOEV&sid=C0DEB8E07572332BAD2B0A15805F&seo=CRZP-detail-kniha |
| Tagy: |
Žiadne tagy, Buďte prvý, kto otaguje tento záznam!
|
MARC
| LEADER | 00000ntm a22000003a 4500 | ||
|---|---|---|---|
| 001 | stuzp92109 | ||
| 003 | SK-STU | ||
| 005 | 20241127122927.8 | ||
| 007 | ta | ||
| 008 | 150427s2015----xo-----f-mn---000-0-slo-d | ||
| 040 | |a STU |b slo | ||
| 041 | 0 | |a slo | |
| 044 | |a xo | ||
| 100 | 1 | |a Brečka, Ladislav |u 031000 |4 aut |U FEI Fakulta elektrotechniky a informatiky |T FEI Ústav robotiky a kybernetiky |X 98311 |U E011 |Y 356 |7 98311 | |
| 242 | 0 | 1 | |a Embedded Control System Implementation |y eng |
| 245 | 1 | 0 | |a Implementácia vnoreného riadiaceho systému |
| 260 | |a Bratislava : |b STU v Bratislave FEI, |c 2023 | ||
| 300 | |a 76 s. | ||
| 650 | 4 | |a identifikácia |2 slo | |
| 650 | 4 | |a C++ |2 slo | |
| 650 | 4 | |a dynamické systémy |2 slo | |
| 650 | 4 | |a riadenie systémov |2 slo | |
| 650 | 4 | |a STM32 |2 slo | |
| 650 | 4 | |a vnorené systémy |2 slo | |
| 650 | 4 | |a embedded systems |2 eng | |
| 650 | 4 | |a dynamical systems |2 eng | |
| 650 | 4 | |a system controlling |2 eng | |
| 650 | 4 | |a identification |2 eng | |
| 650 | 4 | |a C++ |2 eng | |
| 650 | 4 | |a STM32 |2 eng | |
| 700 | 1 | |a Miklovičová, Eva |u 039101 |k Z8 |4 ths |U FEI Sekretariát dekana |T FEI Kancelária dekana |X 4909 |U 039101 |Y 700 |7 A000004909 | |
| 856 | 4 | |u https://opac.crzp.sk/?fn=detailBiblioFormChildIDOEV&sid=C0DEB8E07572332BAD2B0A15805F&seo=CRZP-detail-kniha | |